000 00878nas a2200265 4500
001 BR8303518
003 BR-BrBNA
005 20231205085602.0
007 ta
008 230509b bl.|||p| |||| 00| 00por d
040 _aBR-BrBNA
_bpor
_cBiblioteca Nacional de Agricultura
041 _a(Pt)
072 _aP12; F26
100 1 _aBeltrame, L.F.S. (Universidade Federal do Rio Grande do Sul, Porto Alegre (Brazil). Inst. de Pesquisas Hidraulicas)
100 1 _aCauduro, F.A.
245 1 _aPlano laser rotativo: uma nova tecnica a servico da agricultura
650 _aIRRIGACAO
650 _aRECURSO DO SOLO
650 _aARROZ
650 _aNIVELAMENTO DA TERRA
650 _aRIO GRANDE DO SUL
773 0 _tLavoura Arrozeira (Brazil)
_xISSN 0023-9143
_g(Jan 1982), v. 25(333) p. 32-37
_wBR8303518
909 _a202311
_bLúcia
_c55
_dLúcia Elande
942 _2AGRIS
_n0
_cANA
999 _c112390
_d112390